000
00287nam a2200109Ia 4500
008
200302s9999 xx 000 0 und d
100
_a
Leonard K. Eaton
245
_a
Gateway Cities & Other Essays
260
_b
Great Plains Environmental Design Series
260
_c
1989
300
_a
203 P.,
999
_c
1290
_d
1290